000 00450cam a2200169ua 4500
020 _c5.00
041 _amal
_h
082 _a307.14
_bDEY/SA
100 _aDey, S.K .
245 _aSamoohya vikasanam (A Treats on community Development) /
_cS.K.Dey.
_hTextual Documents
260 _aKottayam :
_bSahitya Pravarthaka Co-operative Society ,
_c1963.
300 _a327 ; .
365 _a5.00
504 _a
942 _cBK
999 _c803
_d803